000 00745nam a2200217 4500
005 20240530110933.0
008 220911s2006 ab g 000 0 ara d
017 _bمصر. دار الكتب
040 _aEG-CaGPL
_cEG-CaGPL
082 _221
_a915.65\
_bت م
100 0 _aتيسير خلف
245 1 2 _aالمسيح فى الجولان : تاريخ واثار /
_cتيسير خلف ، عزالدين سطاس
250 _aط.1
260 _aدمشق :
_bدار كنعان،
_c2006
300 _a112 ص. ؛
_c24 سم.
650 0 7 _aالمسيح
_xتاريخ
651 0 7 _2qrmak
_aالجولان
_xاثار
700 0 _aعزالدين سطاس
_eمؤلف مشارك
942 _2ddc
_cBK
999 _c66687
_d66687